|
|
|
|
| LEADER |
00000nab a2200000 a 4500 |
| 001 |
vtls000193179 |
| 003 |
SK-MaSNL |
| 005 |
20260304212846.0 |
| 008 |
220422c1984 xo 0 slo |
| 015 |
|
|
|a SNBRA19rr/mm-uuuuu
|
| 035 |
|
|
|a CL0203292
|
| 040 |
|
|
|a SNKBUCL
|b slo
|c SNKBUCL
|e AACR2
|
| 041 |
0 |
|
|a slo
|
| 044 |
|
|
|a xo
|c SK
|
| 080 |
|
|
|a 619:616.9
|2 1981
|
| 080 |
|
|
|a 616.9
|2 1981
|
| 080 |
|
|
|a 636.32/.38.09
|2 1981
|
| 100 |
1 |
|
|a Árvay, Štefan,
|d 1930-1989
|4 aut
|9 42431
|
| 245 |
1 |
0 |
|a Súčasná situácia vo výskyte infekčných a parazitárnych ochorení oviec v okrese Liptovský Mikuláš
|c Š. Árvay, R. Bařinka, M. Fojcík
|
| 650 |
0 |
7 |
|a ovce
|2 snkbucl
|9 14971
|
| 650 |
0 |
7 |
|a infekčné choroby
|2 snkbucl
|9 859
|
| 650 |
0 |
7 |
|a parazitárne choroby
|2 snkbucl
|9 1579
|
| 651 |
|
7 |
|a 5304
|2 snkbucl
|9 277630
|
| 655 |
|
7 |
|a články zo zborníkov
|2 snkbucl
|9 166140
|
| 700 |
1 |
|
|a Bařinka, R.
|4 aut
|9 1527749
|
| 700 |
1 |
|
|a Fojcík, M.
|4 aut
|9 1545249
|
| 773 |
0 |
|
|t Zborník referátov z 5. konferencie o aktuálnych zdravotných a produkčných problémoch oviec v súčasných podmienkach chovu
|d Bratislava : Ústav veterinárnych informácií a osvety, 1984
|
| 850 |
|
|
|a Slovenská národná knižnica v Martine
|a MTA001
|
| 852 |
|
|
|a SNK
|b KIS3GCP
|
| 958 |
|
|
|a RK
|
| 958 |
|
|
|a ME
|
| 992 |
|
|
|a RZB
|
| 999 |
|
|
|c 3133213
|d 3135143
|